|
|
|
|
| LEADER |
00000cam a2200000 c 4500 |
| 001 |
1622390423 |
| 003 |
DE-627 |
| 005 |
20251225202459.0 |
| 007 |
tu |
| 008 |
020206s2002 xxu||||| 00| ||eng c |
| 010 |
|
|
|a 2001044298
|
| 020 |
|
|
|a 0398072493
|c (cloth)
|9 0-398-07249-3
|
| 020 |
|
|
|a 0398072507
|c (pbk.)
|9 0-398-07250-7
|
| 035 |
|
|
|a (DE-627)1622390423
|
| 035 |
|
|
|a (DE-576)096854952
|
| 035 |
|
|
|a (DE-599)BSZ096854952
|
| 035 |
|
|
|a (OCoLC)231942626
|
| 035 |
|
|
|a (OCoLC)231942626
|
| 040 |
|
|
|a DE-627
|b ger
|c DE-627
|e rakwb
|
| 041 |
|
|
|a eng
|
| 044 |
|
|
|c XD-US
|
| 050 |
|
0 |
|a HV6558.G73 2002
|
| 050 |
|
0 |
|a HV6558
|
| 082 |
0 |
|
|a 362.883
|
| 084 |
|
|
|a 5,2
|2 ssgn
|
| 100 |
1 |
|
|a Graney, Dawn J.
|4 aut
|
| 245 |
1 |
4 |
|a The power serial rapist
|b a criminology-victimology typology of female victim selection
|c by Dawn J. Graney and Bruce A. Arrigo
|
| 264 |
|
1 |
|a Springfield, Ill
|b Charles C. Thomas Publishers
|c 2002
|
| 300 |
|
|
|a VII, 213 S.
|
| 336 |
|
|
|a Text
|b txt
|2 rdacontent
|
| 337 |
|
|
|a ohne Hilfsmittel zu benutzen
|b n
|2 rdamedia
|
| 338 |
|
|
|a Band
|b nc
|2 rdacarrier
|
| 500 |
|
|
|a Includes bibliographical references and index
|
| 583 |
1 |
|
|a Archivierung prüfen
|c 20200919
|f DE-640
|z 2
|2 pdager
|
| 600 |
1 |
0 |
|a Escobedo, Gilbert Hernandez
|
| 650 |
|
0 |
|a Rapists
|x Psychology
|
| 650 |
|
0 |
|a Rape
|
| 650 |
|
0 |
|a Rape Victims
|
| 650 |
|
0 |
|a Rapists
|x Texas
|x Dallas
|x Biography
|
| 653 |
|
0 |
|a Rapists
|a Psychology
|
| 653 |
|
0 |
|a Rape
|
| 653 |
|
0 |
|a Rape victims
|
| 653 |
|
0 |
|a Escobedo, Gilbert Hernandez
|
| 653 |
|
0 |
|a Rapists
|a Texas
|a Dallas
|a Biography
|
| 689 |
0 |
0 |
|d s
|0 (DE-588)4042696-8
|0 (DE-627)104174900
|0 (DE-576)209052031
|a Vergewaltigung
|2 gnd
|
| 689 |
0 |
1 |
|d s
|0 (DE-588)4128655-8
|0 (DE-627)105715751
|0 (DE-576)209603941
|a Intensivtäter
|2 gnd
|
| 689 |
0 |
2 |
|d s
|0 (DE-588)4078782-5
|0 (DE-627)106076329
|0 (DE-576)20921001X
|a Verbrechensopfer
|2 gnd
|
| 689 |
0 |
|
|5 DE-101
|
| 689 |
1 |
0 |
|d s
|0 (DE-588)4128655-8
|0 (DE-627)105715751
|0 (DE-576)209603941
|a Intensivtäter
|2 gnd
|
| 689 |
1 |
1 |
|d s
|0 (DE-588)4042696-8
|0 (DE-627)104174900
|0 (DE-576)209052031
|a Vergewaltigung
|2 gnd
|
| 689 |
1 |
2 |
|d s
|0 (DE-588)4018202-2
|0 (DE-627)104270705
|0 (DE-576)208923209
|a Frau
|2 gnd
|
| 689 |
1 |
3 |
|d s
|0 (DE-588)4078906-8
|0 (DE-627)106075985
|0 (DE-576)209210435
|a Viktimologie
|2 gnd
|
| 689 |
1 |
|
|5 (DE-627)
|
| 700 |
1 |
|
|a Arrigo, Bruce A.
|d 1960-
|0 (DE-588)132409267
|0 (DE-627)522678734
|0 (DE-576)175599122
|4 aut
|
| 889 |
|
|
|w (DE-627)33258383X
|
| 935 |
|
|
|i mdedup
|
| 951 |
|
|
|a BO
|
| ELC |
|
|
|b 1
|
| LOK |
|
|
|0 000 xxxxxcx a22 zn 4500
|
| LOK |
|
|
|0 001 3245377002
|
| LOK |
|
|
|0 003 DE-627
|
| LOK |
|
|
|0 004 1622390423
|
| LOK |
|
|
|0 005 20020206000000
|
| LOK |
|
|
|0 008 020206||||||||||||||||ger|||||||
|
| LOK |
|
|
|0 040
|a DE-21
|c DE-627
|d DE-21
|
| LOK |
|
|
|0 852
|a DE-21
|
| LOK |
|
|
|0 852 1
|c KB 8 E 9343
|9 00
|
| LOK |
|
|
|0 935
|a krim
|
| LOK |
|
|
|0 936ln
|a k8.9.2
|
| LOK |
|
|
|0 939
|a 06-02-02
|b l01
|
| ORI |
|
|
|a SA-MARC-krimdoka001.raw
|
| SIG |
|
|
|a UB: KB 8 E 9343
|